000 00532nam a22001937a 4500
003 OSt
005 20220107122800.0
008 150507b xxu||||| |||| 00| 0 eng d
020 _a9788126540150
040 _cIIITMK
082 _a006.7 SMI/ P
100 _aSmith Peter G.
_96869
245 _aProfessional website performance: Optimizing the front-end and back-end
260 _aNew Delhi
_bWiley India
_c2013
300 _axxxvii, 441p.
650 _aCOMPUTER SCIENCE
_96876
650 _aWEB DESIGNING
_96877
942 _2ddc
_cBK
999 _c4700
_d4700